[Event "Hamburg HSK Christmas op 1st"]
[Site "Hamburg"]
[Date "2015.12.28"]
[Round "5"]
[White "Lohkamp, Rolf"]
[Black "Falke, Antje"]
[Result "1-0"]
[WhiteElo "1620"]
[BlackElo "852"]
[PlyCount "69"]
[EventDate "2015.12.27"]
[EventType "swiss"]
[EventRounds "7"]
[EventCountry "GER"]
[SourceTitle "EXT 2022"]
[Source "ChessBase"]
[SourceDate "2021.10.06"]
[SourceVersion "1"]
[SourceVersionDate "2021.10.06"]
[SourceQuality "1"]

1. e4 e5 2. Nf3 Nc6 3. Bb5 Nf6 4. Bxc6 dxc6 5. d3 Bd6 6. Bg5 Bg4 7. h3 Be6 8. d4 exd4 9. Qxd4 c5 10. Qe3 Be7 11. Nc3 0-0 12. Rd1 Qe8 13. 0-0 h6 14. Bxh6 Nh7 15. Bf4 f6 16. b3 c6 17. Bd6 Bxd6 18. Rxd6 Rd8 19. Rfd1 Rxd6 20. Rxd6 Qe7 21. Qxc5 Ng5 22. Kh2 g6 23. Nh4 f5 24. Nxg6 Qxd6+ 25. Qxd6 Rf6 26. exf5 Nf7 27. Qg3 Bxf5 28. Ne7+ Kf8 29. Nxf5 Rxf5 30. Ne4 Rd5 31. Qb8+ Kg7 32. Qxb7 Ra5 33. a4 Re5 34. Qxc6 Nd8 35. Qf6+ 1-0